Vplyv demand chain managementu na riadenie zásob

Ponuka a dopyt - základ pre riadenie dodávateľsko-odberateľského reťazca. Dopytový reťazec - identifikácia požiadaviek zákazníka a riadenie dopytu. Zisťovanie zmien dopytu. Diferencovaný dopyt. Presný odhad budúceho vývoja dopytu. Pochopenie nákupu spotrebiteľa. Reakcia zásobovacieho reťazca pri rôz...

Descripción completa

Guardado en:
Detalles Bibliográficos
Autor principal: Dzurová, Mária
Otros Autores: Mariaš, Miroslav, Dzuro, Matúš, 1983-
Formato: Capítulo de libro
Lenguaje:eslovaco
Materias:
Etiquetas: Agregar Etiqueta
Sin Etiquetas, Sea el primero en etiquetar este registro!

MARC

LEADER 00000nla$a2200000$$$4500
001 0048607
005 20240502071547.0
041 0 |a slo 
044 |a SK 
245 1 0 |a Vplyv demand chain managementu na riadenie zásob  |c Mária Dzurová, Miroslav Mariaš, Matúš Dzuro 
520 |a Ponuka a dopyt - základ pre riadenie dodávateľsko-odberateľského reťazca. Dopytový reťazec - identifikácia požiadaviek zákazníka a riadenie dopytu. Zisťovanie zmien dopytu. Diferencovaný dopyt. Presný odhad budúceho vývoja dopytu. Pochopenie nákupu spotrebiteľa. Reakcia zásobovacieho reťazca pri rôznych nákupných situáciách spotrebiteľov. Manažment zásob. Riadenie dodávateľských reťazcov. 
610 2 0 |a riadenie zásob 
610 2 0 |a reťazce dodávateľsko-odberateľské 
610 2 0 |a dopyt 
610 2 0 |a zákazníci 
610 2 0 |a zásobovanie 
610 2 0 |a spotrebitelia 
610 2 0 |a riziko podnikateľské 
100 1 |a Dzurová, Mária 
700 1 |a Mariaš, Miroslav 
700 1 |a Dzuro, Matúš, 1983-